Training guide : (Record no. 78899)

MARC details
000 -LEADER
fixed length control field 00616nam a22001937a 4500
005 - DATE AND TIME OF LATEST TRANSACTION
control field 20130902153409.0
010 ## - LCCN (DPL NO)
LC control number ENG-108400
020 ## - INTERNATIONAL STANDARD BOOK NUMBER
Terms of availability 795.00
International Standard Book Number 9788120347656
035 ## - SYSTEM CONTROL NUMBER
System control number EN-91933
037 ## - SOURCE OF ACQUISITION
Source of stock number/acquisition DBAD/PUB
082 ## - DEWEY DECIMAL CLASSIFICATION NUMBER
Classification number 005.44769
100 ## - MAIN ENTRY--PERSONAL NAME
Personal name Tulloch, Mitch
245 00 - TITLE STATEMENT
Title Training guide :
Statement of responsibility, etc by Mitch Tulloch
Remainder of title installing and configuring windows server 2012 /
260 ## - PUBLICATION, DISTRIBUTION, ETC. (IMPRINT)
Place of publication, distribution, etc Delhi
Name of publisher, distributor, etc PHI Learning
Date of publication, distribution, etc 2013
270 ## - ADDRESS
Address Rimjhim house,111, Patparganj Industrial Estate
City Delhi
Postal code 110092
300 ## - PHYSICAL DESCRIPTION
Extent xxii,609p. :
Dimensions 24cm(pbk)
Other physical details ill.
500 ## - GENERAL NOTE
General note Includes index
942 ## - ADDED ENTRY ELEMENTS (KOHA)
Source of classification or shelving scheme Dewey Decimal Classification
Item type English Books
Call number suffix TUL
Classification part 005.44769
Holdings
Withdrawn status Lost status Not for loan Collection code Home library Current library Date acquired Source of acquisition Cost, normal purchase price Full call number Barcode Copy number Cost, replacement price Koha item type
    Not For Loan Non-fiction D.B.Act.Division D.B.Act.Division 29/08/2013 DBAD/PUB 795.00 005.44769 TUL EN-91933 1 795.00 English Books

© Delhi Public Library
Hit Counter
free hit counter